000 nam a22 7a 4500
999 _c28817
_d28817
008 170323b xxu||||| |||| 00| 0 eng d
050 _aLB 1631
_b.S54 1985
100 _aSheppard Ronnie L.
245 _aEnhancing learning through oral and written expression :
_bstrategies for subject area teachers/
_cRonnie L Sheppard; National Middle School Association.
260 _aColumbus, Ohio :
_bNational Middle School Association,
_c1985.
300 _aiv, 108 p. :
_bill. ;
_c23 cm.
650 _a Language arts (Secondar)
650 _aMiddle schools
_x Curricula
_yUnited States.
942 _2lcc
_cBOOKS
_hLB 1631 .S54 1985